| 000 | 01680nam a2200445 a 4500 | ||
|---|---|---|---|
| 020 | _a0273019511 (pbk.) : | ||
| 082 | 0 | 0 |
_a658.4032 _bLOC _cL-26, P-88 |
| 100 | 1 |
_aLockyer, K. G. _944664 |
|
| 245 | 1 | 0 |
_aCritical path analysis and other project network techniques / _cKeith Lockyer. |
| 250 | _a4th ed. | ||
| 260 |
_aLondon ; _aMarshfield, Mass. : _bPitman, _c1984. |
||
| 300 |
_axii, 260 p. : _bill. ; _c23 cm. |
||
| 500 | _aIncludes index. | ||
| 500 | _aRev. ed. of: An introduction to critical path analysis. 3rd ed. 1969. | ||
| 526 |
_a0 _b0 _c0 _d658_403200000000000_LOC |
||
| 526 |
_a0 _b0 _c0 _d658_403200000000000_LOC |
||
| 526 |
_a0 _b0 _c0 _d658_403200000000000_LOC |
||
| 526 |
_a0 _b0 _c0 _d658_403200000000000_LOC |
||
| 526 |
_a0 _b0 _c0 _d658_403200000000000_LOC |
||
| 526 |
_a0 _b0 _c0 _d658_403200000000000_LOC |
||
| 526 |
_a0 _b0 _c0 _d658_403200000000000_LOC |
||
| 526 |
_a0 _b0 _c0 _d658_403200000000000_LOC |
||
| 526 |
_a0 _b0 _c0 _d658_403200000000000_LOC |
||
| 526 |
_a0 _b0 _c0 _d658_403200000000000_LOC |
||
| 526 |
_a0 _b0 _c0 _d658_403200000000000_LOC |
||
| 526 |
_a0 _b0 _c0 _d658_403200000000000_LOC |
||
| 526 |
_a0 _b0 _c0 _d658_403200000000000_LOC |
||
| 526 |
_a0 _b0 _c0 _d658_403200000000000_LOC |
||
| 526 |
_a0 _b0 _c0 _d658_403200000000000_LOC |
||
| 526 |
_a0 _b0 _c0 _d658_403200000000000_LOC |
||
| 526 |
_a0 _b0 _c0 _d658_403200000000000_LOC |
||
| 526 |
_a0 _b0 _c0 _d658_403200000000000_LOC |
||
| 526 |
_a0 _b0 _c0 _d658_403200000000000_LOC |
||
| 526 |
_a0 _b0 _c0 _d658_403200000000000_LOC |
||
| 526 |
_a0 _b0 _c0 _d658_403200000000000_LOC |
||
| 650 | 0 |
_aCritical path analysis. _926640 |
|
| 650 | 0 |
_aMCE _9379 |
|
| 700 | 1 |
_aLockyer, K. G. _944664 |
|
| 942 |
_2ddc _cBK |
||
| 999 |
_c548388 _d548388 |
||